[Event "California State-ch"]
[Site "San Jose"]
[Date "2006.05.21"]
[Round "6"]
[White "Uesato, Jonathan"]
[Black "Jangle, Hemang"]
[Result "1-0"]
[WhiteElo "1105"]
[BlackElo "1367"]
[PlyCount "89"]
[EventDate "2006.04.20"]
[EventType "swiss"]
[EventRounds "6"]
[EventCountry "USA"]
[SourceTitle "EXT 2009"]
[Source "ChessBase"]
[SourceDate "2008.11.26"]
[SourceVersion "1"]
[SourceVersionDate "2008.11.26"]
[SourceQuality "1"]

1. e4 e5 2. d4 exd4 3. c3 d5 4. exd5 Qxd5 5. cxd4 Nc6 6. Nf3 Bg4 7. Be2 0-0-0 8. Nc3 Qd7 9. Be3 Bxf3 10. Bxf3 Nxd4 11. 0-0 Nf6 12. Bxd4 Qxd4 13. Qb3 Qb6 14. Qxf7 h5 15. Rac1 Rd7 16. Qc4 g5 17. h3 Rdh7 18. Ne4 Nxe4 19. Qxe4 Bd6 20. Qf5+ Kb8 21. Rfe1 Bg3 22. Qxh7 Bxf2+ 23. Kh1 Rc8 24. Re7 Bg3 25. Qf7 Qxb2 26. Rg1 g4 27. Re8 c6 28. Rxc8+ Kxc8 29. Qe8+ Kc7 30. hxg4 Qf6 31. Qxh5 Kb6 32. Rb1+ Ka6 33. Qh3 Bd6 34. Bxc6 bxc6 35. Qd3+ Ka5 36. Qf5+ Qxf5 37. gxf5 c5 38. f6 c4 39. Rc1 Kb4 40. g4 c3 41. g5 Kc4 42. g6 Kd3 43. g7 Kd2 44. Rxc3 Kxc3 45. g8Q 1-0

[Event "Fremont MSJE CC"]
[Site "Fremont"]
[Date "2006.04.24"]
[Round "?"]
[White "Jangle, Hemang"]
[Black "Wu, Ray"]
[Result "1/2-1/2"]
[WhiteElo "1459"]
[BlackElo "1290"]
[PlyCount "123"]
[EventDate "2006.03.21"]
[EventType "swiss"]
[EventRounds "3"]
[EventCountry "USA"]
[SourceTitle "EXT 2009"]
[Source "ChessBase"]
[SourceDate "2008.11.26"]
[SourceVersion "1"]
[SourceVersionDate "2008.11.26"]
[SourceQuality "1"]

1. e4 e6 2. d4 b6 3. Nc3 Bb7 4. Be3 Nf6 5. Bd3 d6 6. Nge2 Nbd7 7. 0-0 Be7 8. Qd2 c5 9. Rad1 a6 10. a4 Qc7 11. b3 e5 12. d5 Bc8 13. f4 h5 14. h3 Nf8 15. Ng3 N6h7 16. f5 Bd7 17. Rde1 Nf6 18. Na2 Kd8 19. c4 a5 20. Nc3 Qc8 21. Rf3 Kc7 22. Nb5+ Bxb5 23. cxb5 N8h7 24. Rc1 Qg8 25. Kf1 h4 26. Ne2 g5 27. g4 hxg3 28. Rxg3 Nh5 29. Rg4 f6 30. Ke1 Rf8 31. Kd1 Rf7 32. Kc2 Nf8 33. Rh1 Rfh7 34. Nc3 Rh6 35. Bxc5 dxc5 36. d6+ Bxd6 37. Bc4 Qg7 38. Nd5+ Kb7 39. Nxb6 Kxb6 40. Qxd6+ Kb7 41. Bd5+ Kc8 42. Qa6+ Kc7 43. Qa7+ Kd8 44. Qb8+ Ke7 45. Qc7+ Ke8 46. Bc6+ Nd7 47. Qc8+ Kf7 48. Qxd7+ Kg8 49. Bd5+ Kh7 50. Qe6 Nf4 51. Rxf4 exf4 52. h4 g4 53. h5 g3 54. b6 f3 55. e5 Rg8 56. exf6 Rxf6 57. Qe4 Rb8 58. Qxf3 Rbxb6 59. Rg1 Qd7 60. Rxg3 Qxf5+ 61. Be4 Kh6 62. Bxf5 1/2-1/2

[Event "Fremont MSJE CC"]
[Site "Fremont"]
[Date "2006.03.27"]
[Round "?"]
[White "Jangle, Hemang"]
[Black "Liou, Arthur"]
[Result "1-0"]
[WhiteElo "1367"]
[BlackElo "1655"]
[PlyCount "101"]
[EventDate "2006.03.21"]
[EventType "swiss"]
[EventRounds "3"]
[EventCountry "USA"]
[SourceTitle "EXT 2009"]
[Source "ChessBase"]
[SourceDate "2008.11.26"]
[SourceVersion "1"]
[SourceVersionDate "2008.11.26"]
[SourceQuality "1"]

1. e4 e5 2. d4 exd4 3. c3 d5 4. exd5 Qxd5 5. cxd4 Nc6 6. Nf3 Bg4 7. Be2 0-0-0 8. 0-0 Bxf3 9. Bxf3 Qxd4 10. Qb3 Qf6 11. Be3 Nge7 12. Nc3 Nf5 13. Bxa7 b6 14. Bxb6 cxb6 15. Qxb6 Nfd4 16. Bg4+ Rd7 17. Bxd7+ Kxd7 18. Qb7+ Kd8 19. Rad1 Bd6 20. Nb5 Re8 21. Nxd4 Nxd4 22. Qb6+ Kd7 23. Rxd4 Rd8 24. Qa7+ Ke8 25. Re1+ Kf8 26. Red1 Bxh2+ 27. Kxh2 Rxd4 28. Qb8+ Ke7 29. Qc7+ Ke8 30. Qc8+ Ke7 31. Qc5+ Qd6+ 32. Qxd6+ Rxd6 33. Rxd6 Kxd6 34. Kg3 Kd5 35. Kf4 Kd4 36. a3 Kd5 37. b3 Kd4 38. a4 Kd5 39. b4 h6 40. b5 Kc5 41. Ke5 h5 42. Kf5 g6+ 43. Kf6 h4 44. Kg5 h3 45. gxh3 Kb6 46. Kf6 Kc5 47. Kxf7 g5 48. Kg6 g4 49. hxg4 Kb6 50. f4 Ka5 51. f5 1-0

[Event "Fremont MSJE CC"]
[Site "Fremont"]
[Date "2006.01.23"]
[Round "?"]
[White "Hsu, Kevin"]
[Black "Jangle, Hemang"]
[Result "0-1"]
[WhiteElo "1091"]
[BlackElo "1366"]
[PlyCount "70"]
[EventDate "2006.03.21"]
[EventType "swiss"]
[EventRounds "3"]
[EventCountry "USA"]
[SourceTitle "EXT 2009"]
[Source "ChessBase"]
[SourceDate "2008.11.26"]
[SourceVersion "1"]
[SourceVersionDate "2008.11.26"]
[SourceQuality "1"]

1. e4 e5 2. d4 exd4 3. c3 d5 4. cxd4 dxe4 5. Nc3 Nf6 6. Bc4 Bb4 7. Nge2 0-0 8. a3 Bd6 9. Bg5 h6 10. Bxf6 Qxf6 11. Nxe4 Qg6 12. Nxd6 cxd6 13. Nf4 Qe4+ 14. Ne2 Qxg2 15. Rf1 d5 16. Bd3 Re8 17. Qa4 Nc6 18. Kd2 Qxh2 19. Nc3 Qf4+ 20. Kc2 Nxd4+ 21. Kb1 Bf5 22. Bxf5 Qxf5+ 23. Ka2 Ne2 24. Nxe2 Rxe2 25. Qd4 Qe4 26. Qc3 Qc4+ 27. Qxc4 dxc4 28. Rac1 Rc8 29. Rc3 Rc6 30. a4 Rb6 31. f4 Rbxb2+ 32. Ka1 Ra2+ 33. Kb1 Rxa4 34. Rd1 Kf8 35. Rd7 b5 0-1

[Event "Fremont Clubsport op"]
[Site "Fremont"]
[Date "2005.10.29"]
[Round "4"]
[White "Jangle, Hemang"]
[Black "Sun, Jerome"]
[Result "0-1"]
[WhiteElo "1249"]
[BlackElo "1281"]
[PlyCount "74"]
[EventDate "2005.10.29"]
[EventType "swiss"]
[EventRounds "5"]
[EventCountry "USA"]
[SourceTitle "EXT 2009"]
[Source "ChessBase"]
[SourceDate "2008.11.26"]
[SourceVersion "1"]
[SourceVersionDate "2008.11.26"]
[SourceQuality "1"]

1. e4 e5 2. d4 exd4 3. c3 dxc3 4. Bc4 cxb2 5. Bxb2 Qg5 6. Qf3 Bb4+ 7. Nc3 f6 8. Nge2 d6 9. h3 Nc6 10. Bb5 Bd7 11. Bxc6 Bxc6 12. 0-0 Ne7 13. Nd4 0-0-0 14. Ne6 Qg6 15. Nxd8 Rxd8 16. Rfe1 f5 17. exf5 Nxf5 18. Qg4 Qf6 19. Nd5 Qxb2 20. Qxf5+ Bd7 21. Qe4 Bxe1 22. Rxe1 Rf8 23. f3 Qxa2 24. Ne7+ Kb8 25. Nf5 Bxf5 26. Qe3 Qc4 27. g4 Bc8 28. Qd2 Rxf3 29. Kg2 Qf4 30. Qc2 Qg3+ 31. Kh1 Rf2 32. Qxf2 Qxf2 33. Rg1 d5 34. g5 d4 35. h4 Bd7 36. h5 Bc6+ 37. Rg2 Qxg2# 0-1

[Event "Donnelly Memorial"]
[Site "San Francisco"]
[Date "2005.09.17"]
[Round "3"]
[White "Woebcke, Carl"]
[Black "Jangle, Hemang"]
[Result "1-0"]
[WhiteElo "1751"]
[BlackElo "1207"]
[PlyCount "76"]
[EventDate "2005.09.17"]
[EventType "swiss (rapid)"]
[EventRounds "5"]
[EventCountry "USA"]
[SourceTitle "EXT 2024"]
[Source "ChessBase"]
[SourceDate "2023.10.10"]
[SourceVersion "1"]
[SourceVersionDate "2023.10.10"]
[SourceQuality "1"]

1. e4 e5 2. f4 d5 3. exd5 e4 4. d3 exd3 5. c4 Qe7+ 6. Kd2 Bf5 7. Nc3 Nf6 8. a3 Nbd7 9. b4 g6 10. Bb2 Bg7 11. Rb1 0-0 12. h3 Rfe8 13. Qe1 Qxe1+ 14. Rxe1 Rxe1 15. Kxe1 Re8+ 16. Kd2 Ne4+ 17. Nxe4 Bxb2 18. Nc3 Bxa3 19. Nf3 Bxb4 20. Bxd3 Bxd3 21. Kxd3 Nc5+ 22. Kc2 Bxc3 23. Kxc3 Re4 24. Re1 Rxe1 25. Nxe1 Ne4+ 26. Kd4 Nd6 27. g4 Kf8 28. c5 Nb5+ 29. Kc4 a6 30. Nd3 f6 31. h4 Ke7 32. f5 gxf5 33. gxf5 Kf7 34. Nf4 Ke7 35. Ne6 Ke8 36. h5 h6 37. Kb4 b6 38. Kc4 Na7 1-0

[Event "Fremont Weibel Quads 4"]
[Site "Fremont"]
[Date "2004.11.20"]
[Round "2"]
[White "Jangle, Hemang"]
[Black "Desirazu, Rahul"]
[Result "0-1"]
[WhiteElo "1098"]
[BlackElo "1093"]
[PlyCount "108"]
[EventDate "2004.11.20"]
[EventType "swiss"]
[EventRounds "3"]
[EventCountry "USA"]
[SourceTitle "EXT 2009"]
[Source "ChessBase"]
[SourceDate "2008.11.26"]
[SourceVersion "1"]
[SourceVersionDate "2008.11.26"]
[SourceQuality "1"]

1. e4 c5 2. b4 cxb4 3. d4 d6 4. Nf3 Nf6 5. Nbd2 Nc6 6. Bc4 Bg4 7. h3 Bxf3 8. Qxf3 Nxd4 9. Qd3 Nc6 10. 0-0 Ne5 11. Bb5+ Nfd7 12. Qd5 g6 13. Qxb7 Bg7 14. Rb1 Rb8 15. Bxd7+ Nxd7 16. Qxa7 Ra8 17. Qe3 Rxa2 18. Qb3 Qa5 19. Nc4 Qa4 20. Nb2 Qxb3 21. cxb3 Nc5 22. Nd3 Nxd3 23. Be3 Rb2 24. Rbd1 Rxb3 25. Ra1 0-0 26. Ra7 Ra3 27. Rxe7 b3 28. Rb1 b2 29. Rb7 Ra1 30. R7xb2 Bxb2 31. Rxa1 Bxa1 32. Kh2 f5 33. exf5 Rxf5 34. g4 Rf3 35. Kg2 Ne1+ 36. Kf1 Bc3 37. h4 d5 38. Ke2 d4 39. Bc1 d3+ 40. Kf1 Rh3 41. Kg1 d2 42. Bxd2 Bxd2 43. h5 gxh5 44. gxh5 Rxh5 45. f4 Rf5 46. Kh1 Rxf4 47. Kg1 h5 48. Kh1 h4 49. Kg1 Rf3 50. Kh1 h3 51. Kg1 Be3+ 52. Kh1 Bf4 53. Kg1 h2+ 54. Kh1 Rf1# 0-1

[Event "Fremont Weibel Quads 4"]
[Site "Fremont"]
[Date "2004.11.20"]
[Round "3"]
[White "Srinivasan, Aditya"]
[Black "Jangle, Hemang"]
[Result "0-1"]
[WhiteElo "1080"]
[BlackElo "1098"]
[PlyCount "52"]
[EventDate "2004.11.20"]
[EventType "swiss"]
[EventRounds "3"]
[EventCountry "USA"]
[SourceTitle "EXT 2009"]
[Source "ChessBase"]
[SourceDate "2008.11.26"]
[SourceVersion "1"]
[SourceVersionDate "2008.11.26"]
[SourceQuality "1"]

1. e4 e5 2. d4 exd4 3. c3 Nf6 4. e5 Nd5 5. cxd4 Nc6 6. Nf3 d6 7. Bc4 Be6 8. 0-0 Qd7 9. Bg5 Be7 10. Bxe7 Qxe7 11. Nbd2 0-0 12. Qc2 Ndb4 13. Qe4 d5 14. Qb1 dxc4 15. Ne4 Bf5 16. g4 Bxg4 17. Neg5 g6 18. Qe4 Bxf3 19. Qxf3 Qxg5+ 20. Kh1 Nxd4 21. Qh3 Rae8 22. Rg1 Qxe5 23. Qh6 Nf5 24. Qh3 Nd3 25. Qf3 Nh4 26. Qg4 Nxf2# 0-1

[Event "Fremont Weibel Quads 3"]
[Site "Fremont"]
[Date "2004.10.24"]
[Round "2"]
[White "Jangle, Hemang"]
[Black "Desirazu, Rahul"]
[Result "0-1"]
[WhiteElo "1098"]
[BlackElo "1093"]
[PlyCount "62"]
[EventDate "2004.10.24"]
[EventType "swiss"]
[EventRounds "3"]
[EventCountry "USA"]
[SourceTitle "EXT 2009"]
[Source "ChessBase"]
[SourceDate "2008.11.26"]
[SourceVersion "1"]
[SourceVersionDate "2008.11.26"]
[SourceQuality "1"]

1. e4 c5 2. b4 cxb4 3. d4 Nf6 4. Nd2 Qa5 5. Bb2 b3 6. axb3 Qc7 7. Ngf3 d6 8. Bc4 Nc6 9. Qe2 g6 10. Bb5 Bd7 11. d5 Ne5 12. Bxd7+ Nexd7 13. e5 dxe5 14. Nxe5 Qxc2 15. Nxd7 Qxb2 16. Rb1 Qd4 17. Nxf8 Kxf8 18. 0-0 Qxd5 19. Rfe1 Kg7 20. Qe3 Rad8 21. Rbd1 Qa5 22. Nc4 Qb4 23. Nd2 Qd4 24. Qf3 Qd3 25. Qxb7 Rhe8 26. Qxa7 Qc2 27. Qe3 Rd3 28. Qe2 Red8 29. b4 Rxd2 30. Rxd2 Rxd2 31. Qe3 Ng4 0-1

[Event "Fremont MSJE CC"]
[Site "Fremont"]
[Date "2004.03.29"]
[Round "?"]
[White "Yang, Cory"]
[Black "Jangle, Hemang"]
[Result "0-1"]
[WhiteElo "441"]
[BlackElo "1005"]
[PlyCount "84"]
[EventDate "2004.01.05"]
[EventType "swiss"]
[EventRounds "3"]
[EventCountry "USA"]
[SourceTitle "EXT 2009"]
[Source "ChessBase"]
[SourceDate "2008.11.26"]
[SourceVersion "1"]
[SourceVersionDate "2008.11.26"]
[SourceQuality "1"]

1. e4 e5 2. Nf3 Nc6 3. Bc4 Bc5 4. Nc3 Nf6 5. g4 Nxg4 6. d4 exd4 7. Nd5 0-0 8. Bf4 d6 9. Bg5 Qe8 10. Nxc7 Qxe4+ 11. Qe2 Qxe2+ 12. Bxe2 Rb8 13. Bc4 h6 14. Be7 Nxe7 15. Rg1 Bd7 16. h3 Rbc8 17. Nd5 Nxd5 18. Bxd5 Ne5 19. Nh4 Bc6 20. Bc4 Nxc4 21. Nf5 Rce8+ 22. Kd1 Nxb2+ 23. Kc1 Re6 24. Rxg7+ Kh8 25. Kxb2 Rf6 26. Nxh6 Kxg7 27. Ng4 Re6 28. Rg1 Rg6 29. h4 f5 30. h5 Rxg4 31. Rf1 d3 32. cxd3 Bd4+ 33. Kc2 Ba4+ 34. Kd2 Rg2 35. Ke2 Re8+ 36. Kf3 Bc6+ 37. Kf4 Rxf2+ 38. Rxf2 Bxf2 39. Kxf5 Re5+ 40. Kf4 Rxh5 41. Kg4 Kg6 42. Kf4 Rh4# 0-1

[Event "Fremont MSJE CC"]
[Site "Fremont"]
[Date "2004.03.26"]
[Round "?"]
[White "Jangle, Hemang"]
[Black "Tom, Gordon"]
[Result "0-1"]
[WhiteElo "1005"]
[BlackElo "900"]
[PlyCount "59"]
[EventDate "2004.01.05"]
[EventType "swiss"]
[EventRounds "3"]
[EventCountry "USA"]
[SourceTitle "EXT 2009"]
[Source "ChessBase"]
[SourceDate "2008.11.26"]
[SourceVersion "1"]
[SourceVersionDate "2008.11.26"]
[SourceQuality "1"]

1. e4 c5 2. Nf3 d6 3. Nc3 Nc6 4. Bc4 g6 5. a3 Bg7 6. 0-0 Nf6 7. h3 0-0 8. d3 e6 9. Re1 d5 10. exd5 exd5 11. Bb3 a6 12. Bg5 d4 13. Nd5 h6 14. Nxf6+ Bxf6 15. Bxh6 Re8 16. Rxe8+ Qxe8 17. Ng5 Bxg5 18. Bxg5 Be6 19. Bxe6 Qxe6 20. Qe1 Re8 21. Kf1 f6 22. Bf4 g5 23. Qxe6+ Rxe6 24. Re1 Rxe1+ 25. Kxe1 gxf4 26. Ke2 b5 27. Kf3 c4 28. dxc4 bxc4 29. Kxf4 c3 30. b3 0-1

[Event "Fremont MSJE CC"]
[Site "Fremont"]
[Date "2004.02.02"]
[Round "?"]
[White "Jangle, Hemang"]
[Black "Subramanian, Nitya"]
[Result "0-1"]
[WhiteElo "1005"]
[BlackElo "561"]
[PlyCount "45"]
[EventDate "2004.01.05"]
[EventType "swiss"]
[EventRounds "3"]
[EventCountry "USA"]
[SourceTitle "EXT 2009"]
[Source "ChessBase"]
[SourceDate "2008.11.26"]
[SourceVersion "1"]
[SourceVersionDate "2008.11.26"]
[SourceQuality "1"]

1. e4 e5 2. Nf3 Nc6 3. Bc4 Bc5 4. b4 Bxb4 5. c3 Bc5 6. d4 exd4 7. cxd4 Bb4+ 8. Bd2 Bxd2+ 9. Qxd2 h6 10. Nc3 Qe7 11. Nb5 Qxe4+ 12. Qe2 Qxe2+ 13. Bxe2 Kd8 14. 0-0 a6 15. Nc3 d5 16. Nxd5 Nf6 17. Nc3 Re8 18. Rfe1 Bg4 19. h3 Bf5 20. a3 Kd7 21. Ra2 Be6 22. Rb2 Rab8 23. Bd3 0-1

[Event "Fremont MSJE CC"]
[Site "Fremont"]
[Date "2003.11.17"]
[Round "?"]
[White "Zhou, Andrew"]
[Black "Jangle, Hemang"]
[Result "0-1"]
[WhiteElo "694"]
[BlackElo "1003"]
[PlyCount "94"]
[EventDate "2003.03.17"]
[EventType "swiss"]
[EventRounds "3"]
[EventCountry "USA"]
[SourceTitle "EXT 2009"]
[Source "ChessBase"]
[SourceDate "2008.11.26"]
[SourceVersion "1"]
[SourceVersionDate "2008.11.26"]
[SourceQuality "1"]

1. e4 e5 2. Nf3 Nc6 3. Nc3 Nf6 4. Bc4 Nxe4 5. d3 Nxc3 6. bxc3 d5 7. Bb3 Be6 8. c4 dxc4 9. Bxc4 Bxc4 10. dxc4 Qxd1+ 11. Kxd1 0-0-0+ 12. Bd2 Bb4 13. Rb1 Bxd2 14. Nxd2 Rd7 15. Ke1 Rhd8 16. Rd1 Nb4 17. a3 Nxc2+ 18. Ke2 Nxa3 19. c5 Nc2 20. Ne4 Nb4 21. Rd2 f5 22. Rxd7 Rxd7 23. Nc3 Rd3 24. Rc1 Kd7 25. Nd1 Na2 26. Rc2 Nb4 27. Nb2 Nxc2 28. Nxd3 Nd4+ 29. Ke3 Ke6 30. f4 Nc6 31. Nxe5 Nxe5 32. fxe5 Kxe5 33. Kf3 b6 34. cxb6 cxb6 35. g4 fxg4+ 36. Kxg4 a5 37. Kf3 a4 38. Ke2 a3 39. Kd1 a2 40. Ke2 a1Q 41. Kf3 Qd4 42. h4 Qf4+ 43. Kg2 Qe3 44. Kf1 Qd2 45. Kg1 Kf4 46. Kf1 Kf3 47. h5 Qf2# 0-1

[Event "Fremont MSJE tt"]
[Site "Fremont"]
[Date "2003.10.27"]
[Round "?"]
[White "Jangle, Hemang"]
[Black "Tu, Ryan"]
[Result "0-1"]
[WhiteElo "1003"]
[BlackElo "1114"]
[PlyCount "62"]
[EventDate "2003.10.27"]
[EventType "team"]
[EventRounds "5"]
[EventCountry "USA"]
[SourceTitle "EXT 2009"]
[Source "ChessBase"]
[SourceDate "2008.11.26"]
[SourceVersion "1"]
[SourceVersionDate "2008.11.26"]
[SourceQuality "1"]

1. e4 e5 2. Nf3 Nc6 3. d4 exd4 4. Nxd4 d5 5. Bb5 dxe4 6. 0-0 Nge7 7. Nxc6 Qxd1 8. Rxd1 Nxc6 9. Nc3 a6 10. Bc4 Bf5 11. Bxf7+ Kxf7 12. Bf4 Rc8 13. Rd2 Bb4 14. Re1 Bxc3 15. bxc3 Ne7 16. f3 Ng6 17. fxe4 Be6 18. Bg3 Bxa2 19. Rd7+ Ke8 20. Rxc7 Rxc7 21. Bxc7 Kd7 22. Bb6 Rf8 23. Rd1+ Kc6 24. Be3 Bc4 25. Ba7 b6 26. Rb1 Bb5 27. Bxb6 Kxb6 28. c4 Nf4 29. cxb5 axb5 30. Rf1 Ne2+ 31. Kh1 Rxf1# 0-1